| 000 | 00656cam a2200241 i 4500 | ||
|---|---|---|---|
| 001 | 4662581 | ||
| 003 | OSt | ||
| 005 | 20140310182255.0 | ||
| 008 | 800409s1980 nyu 000 1 eng | ||
| 010 | _a 80014712 | ||
| 020 | _a034529744x | ||
| 040 |
_aDLC _cDLC _dDLC _dOCoLC |
||
| 050 | 0 | 0 |
_aPR 6062.Y3 _b.L981 1981 |
| 082 | 0 | 0 |
_aFIC _bL98s 1980 |
| 100 | 1 |
_aLyall, Gavin. _918433 |
|
| 245 | 1 | 4 |
_aThe secret servant / _cGavin Lyall. |
| 260 |
_aNew York : _bViking Press, _cc1981. |
||
| 300 |
_a236 p. : _c18 cm. |
||
| 655 | 7 |
_aSpy stories. _2gsafd _94765 |
|
| 906 |
_a7 _bcbc _corignew _d1 _eocip _f19 _gy-gencatlg |
||
| 942 |
_2lcc _cBK-FIC |
||
| 999 |
_c11448 _d11448 |
||